The City of Two Continents / Istanbul (Record no. 960)

000 -LEADER
fixed length control field 00614nam a22002177a 4500
003 - CONTROL NUMBER IDENTIFIER
control field OSt
005 - DATE AND TIME OF LATEST TRANSACTION
control field 20210426111547.0
008 - FIXED-LENGTH DATA ELEMENTS--GENERAL INFORMATION
fixed length control field 210127s1995 ||||| |||| 00| 0 eng d
040 ## - CATALOGING SOURCE
Original cataloging agency eng
Language of cataloging eng
Transcribing agency DLC
041 ## - LANGUAGE CODE
Language code of text/sound track or separate title eng
Language code of original tur
080 ## - UNIVERSAL DECIMAL CLASSIFICATION NUMBER
Universal Decimal Classification number 008
Item number A-29
100 ## - MAIN ENTRY--PERSONAL NAME
9 (RLIN) 695
Personal name Aksit, Ilhan
245 ## - TITLE STATEMENT
Title The City of Two Continents / Istanbul
Statement of responsibility, etc. / by: Aksit Kultur Turizm Sanat Ajans
260 ## - PUBLICATION, DISTRIBUTION, ETC.
Place of publication, distribution, etc. Istanbul
Name of publisher, distributor, etc. Aksit Kultur Turizm Sanat Ajans
Date of publication, distribution, etc. 1995
300 ## - PHYSICAL DESCRIPTION
Extent 220 p.
Other physical details ill.
365 ## - TRADE PRICE
Price amount 11 usd
650 #0 - SUBJECT ADDED ENTRY--TOPICAL TERM
9 (RLIN) 493
Topical term or geographic name entry element Culture
653 ## - INDEX TERM--UNCONTROLLED
Uncontrolled term კულტურა
700 ## - ADDED ENTRY--PERSONAL NAME
9 (RLIN) 696
Personal name Bragner, Robert
Relator term Translator
942 ## - ADDED ENTRY ELEMENTS (KOHA)
Source of classification or shelving scheme
Koha item type Books
Holdings
Withdrawn status Lost status Source of classification or shelving scheme Damaged status Not for loan Permanent location Current location Date acquired Inventory number Total Checkouts Full call number Barcode Date last seen Price effective from Koha item type
          Ken Walker International University Ken Walker International University 01/27/2021 2461   008 A-29 2461 01/27/2021 01/27/2021 Books

Powered by Koha